中国机场代码 China’s Airport Codes #1 - Statistics

General Stats
  • This quiz has been taken 234 times
  • The average score is 7 of 15
Answer Stats
三字码 机场 % Correct
PEK 北京/首都
98%
PVG 上海/浦东
89%
HRB 哈尔滨/太平
80%
SZX 深圳/宝安
75%
CKG 重庆/江北
70%
TFU 成都/天府
68%
DLC 大连/周水子
65%
XNN 西宁/曹家堡
39%
INC 银川/河东
36%
RIZ 日照/山字河
31%
CGQ 长春/龙嘉
29%
LZO 泸州/云龙
18%
DZH 达州/金垭
16%
YTY 扬州/泰州
13%
LUM 德宏/芒市
10%
No matching quizzes found
Score Distribution
Percent of People with Each Score
Percentile by Number Answered
Your Score History
You have not taken this quiz